Dans quel jeu vidéo apparaît ce coffre? - Statistiques

Statistiques générales
  • Ce quiz a été pris 94 fois
  • Le résultat moyen est 6 sur 16
Statistiques - réponses
Par images Réponse % Correct
Minecraft
89%
Fortnite
85%
Clash Royale
75%
Brawl Stars
61%
Overwatch
56%
League of Legends
49%
Dofus
37%
Elden Ring
30%
Dark Souls
29%
World of Warcraft
24%
The Elder Scrolls
23%
Rocket League
20%
The Legend of Zelda
18%
Genshin Impact
17%
Rayman
17%
Hogwarts Legacy
8%
Aucun quiz correspondant
Distribution des résultats
% des personnes avec chaque résultat
Percentile par nombre de réponses
Votre historique - résultats
Vous n’avez pas pris ce quiz